000 00429 a2200157 4500
005 20250618140227.0
020 _a987-0-07-312892-4
082 _a658.3 KRE
100 _aKREITNER, R
245 _aOrganizational Behavior
250 _a7th Ed.
260 _aNew York
_bMcGraw-Hill Irwin
_c2007.
300 _axxxiv,614p.: ill.; figures, tables, pictures
_bIndex, References
_c25cm
700 _aAngelo Kinicki
942 _2ddc
_cBKS
999 _c4312
_d4312